000 01372nam a22002417a 4500
999 _c62405
_d62405
003 Ge_BSU
005 20241023135622.0
008 241023s2023 ge ||||| |||| 00| 0 geo d
020 _a9789941317378
041 _ageo
080 _a930(479.22) კ-18
100 _aკალანდაძე, მერაბ
_91537
245 _aXX-XXI საუკუნის დასაწყისის ქართული ისტორიოგრაფიის ევროპული ორიენტაციის ევოლუცია :
_b[მონოგრაფია] /
_cმერაბ კალანდაძე; რედაქტორი გურამ ყორანაშვილი.
264 _aთბილისი,
_c2023.
300 _a378 გვ. ;
_b 20 სმ.
504 _aბიბლიოგრაფია თავების ბოლოს.
653 _aქართული ისტორიოგრაფია
653 _aსაბჭოთა ისტორიოგრაფია
700 _aყორანაშვილი, გურამ
_eრედაქტორი.
_917659
773 _tნაჩუქარი
856 _uhttps://dspace.nplg.gov.ge/bitstream/1234/496509/1/XX-XXISaukunisDasawyisisQartuliIstoriografiisEvropuli.pdf
_yელ. ვერსია
942 _2udc
_cᲬᲘᲒᲜᲘ